Data & Knowledge Engineering
Enregistré dans:
| Format: | Publication en série |
|---|---|
| Langue: | anglais |
| Publié: |
Amsterdam
Elsevier Science Publishers B.V.
|
| Tags: |
Pas de tags, Soyez le premier à ajouter un tag!
|
MARC
| LEADER | 00000nas1a2200000 4500 | ||
|---|---|---|---|
| 001 | 0307704 | ||
| 005 | 20250701092110.8 | ||
| 022 | |a 0169-023X | ||
| 022 | |a 1872-6933 | ||
| 041 | 0 | |a eng | |
| 044 | |a NL | ||
| 245 | 1 | 0 | |a Data & Knowledge Engineering |
| 264 | 1 | |a Amsterdam |b Elsevier Science Publishers B.V. | |